Kultúrny dom Zrkadlový háj - interiér

Na minha lista:
Detalhes bibliográficos
Autor principal: Puškár, Tomáš (Author)
Outros Autores: Salcer, Igor, 1983- (Thesis advisor)
Formato: Manuscrito Livro
Idioma:eslovaco
Publicado em: Bratislava 2015
Assuntos:
Acesso em linha:http://is.stuba.sk/zp/portal_zp.pl?podrobnosti=112433
Tags: Adicionar Tag
Sem tags, seja o primeiro a adicionar uma tag!

MARC

LEADER 00000ntm a22000003a 4500
001 stuzp52366
003 SK-STU
005 20210308081202.6
007 ta
008 150427s2015----xo-----f-mn---000-0-slo-d
040 |a STU  |b slo 
041 0 |a slo 
100 1 |a Puškár, Tomáš  |u 055150  |4 aut  |U FAD Fakulta architektúry a dizajnu  |U FAD Fakulta architektúry  |T FA Ústav interiéru a výstavníctva  |X 65581  |U A5150  |Y 396  |7 65581 
242 0 1 |a Community centre Zrkadlovy haj - interior  |y eng 
245 1 0 |a Kultúrny dom Zrkadlový háj - interiér 
260 |c 2015  |a Bratislava 
650 4 |a Interiérový návrh  |2 slo 
650 4 |a Petržalka  |2 slo 
650 4 |a Kultúrny dom  |2 slo 
650 4 |a Zrkadlový háj  |2 slo 
650 4 |a Petrzalka  |2 eng 
650 4 |a Zrkadlovy haj  |2 eng 
650 4 |a Interior design  |2 eng 
650 4 |a Community centre  |2 eng 
700 1 |a Salcer, Igor,  |d 1983-  |4 ths  |X 29139  |7 A000029139 
856 4 |u http://is.stuba.sk/zp/portal_zp.pl?podrobnosti=112433  |u https://opac.crzp.sk/?fn=detailBiblioForm&sid=B0CF7CC41D9BADE8DEF841764A9F 
SQL |a stuzp52366  |b DDP  |c SLO  |d Kultúrny dom Zrkadlový háj - interiér  |e 65581  |f Puškár, Tomáš  |g 055150  |h 29139  |i Salcer, Igor  |j 20150603  |k 640  |l 05  |m http://is.stuba.sk/zp/portal_zp.pl?podrobnosti=112433  |n I-DZ  |o 2.2.6. dizajn